Responses for Show #589 - Thursday, March 12, 1987

John Ryan game 1.

Contestants

Fran La Bruto, a chiropractor from Bayonne, New Jersey

Judith Kallen Dry, a dental hygienist from Chicago, Illinois

John Ryan, a student from Santa Barbara, California

[next game >>]

Jeopardy! Round responses

WORLD WAR II
PBS
WORDS
ISRAEL
FASHION DESIGNERS
FAMOUS BEARDS
    $100 4
torpedo

John
    $100 21
Sesame Street

Judith
    $100 6
(John: What is a euphemism?)

expletive

John
Triple Stumper
    $100 16
take a shower

John
    $100 26
Valentino

Fran
    $100 11
bearded lady

John
    $200 5
Mustang

Fran
    $200 22
Carl Sagan

Fran
    $200 7
sheath or scabbard

Triple Stumper
    $200 17
orange

Judith
    $200 27
[The end-of-round signal sounds.]

Anne Klein

Judith
    $200 12
(Alex: Yeah, they put some weird salts on his shoes apparently.)

Fidel Castro

John
    $300 1
England

John
    $300 23
1.8

Triple Stumper
    $300 8
(Alex: Referring to the [*] Horseman.)

headless

Fran
    $300 18
blue and white

Judith
    $300 13
Smith Brothers

Fran
    $400 2
(Fran: What is V1?)

Luftwaffe

JohnFran
    $100 24
(Fran: What are automobile horns?)

MacNeil & Lehrer

Fran
    $400 9
will

John
    $400 19
Negev

John
    $400 14
3

John
    $500 3
task force

Triple Stumper
    $500 25
Upstairs, Downstairs

John
    $500 10
Journey

John
    $500 20
Washington, D.C.

John
    $500 15
he was a boy

Fran

Scores at the first commercial break (after clue 13):

John Judith Fran
$1,900 $0 $400

Scores at the end of the Jeopardy! Round:

John Judith Fran
$3,800 $800 $1,100

Double Jeopardy! Round responses

THE ENCYCLOPEDIA
SPORTS RECORDS
FARCE
SCIENCE
MYTHOLOGY
ODD JOBS
    $200 7
Jiminy Cricket

Fran
    $200 1
Kareem Abdul-Jabbar

John
    $200 2
decibels

Fran
    $200 12
(John: What is to be dead?)

asleep

JohnFran
    $200 17
auctioneers

John
    $400 8
Mussolini

Fran
    $400 19
Pele

John
    $400 3
hydrogen peroxide

John
    $400 13
(Judith: Who is Juna?)

Juno

JohnJudith
    $500 18
(John: Who are opera singers?)

sword swallower

John
    $600 9
Encyclopedia Britannica

John
    $600 20
(Judith: Who are the Boston Red Sox?)

Chicago Cubs

Judith
Triple Stumper
    $600 4
universe

John
    $600 14
animals (beasts)

Triple Stumper
    $600 21
(John: What is an engineer?)

switcher (switchman)

John
Triple Stumper
    $800 10
The World Book

Triple Stumper
    $800 24
Archie Moore

Triple Stumper
    $800 5
(Ivan) Pavlov

Fran
    $500 15
(John only shook his head no.)

moon

John
    $800 22
Mounties

Triple Stumper
    $1000 11
(Judith: What is knowledge?)

education (rearing of a child)

Judith
Triple Stumper
    $1000 25
[The end-of-round signal sounds.]

George Blanda

Fran
    $1000 6
(Fran: Who is Goodyear?)

George Washington Carver

Fran
Triple Stumper
    $1000 16
Furies

John
    $1000 23
VJs

Judith

Scores at the end of the Double Jeopardy! Round:

John Judith Fran
$5,800 -$200 $2,900
(lock-tie game)

[wagering suggestions for these scores]

Final Jeopardy! Round responses

POP MUSIC
FranWho are Nancy & Frank Sinatra
$2,900
JohnWho are the Boones?
$0
Frank and Nancy Sinatra

Final scores:

John Judith Fran
$5,800 -$200 $5,800
New co-champion: $5,800 2nd place: Trip to St. Thomas of U.S. Virgin Islands New co-champion: $5,800

Game dynamics:

Coryat scores:

John Judith Fran
$6,800 -$200 $3,000
20 R,
5 W
(including 2 DDs)
5 R,
3 W
12 R,
3 W
(including 1 DD)

Combined Coryat: $9,600

[game clues] [game scores] [suggest correction]

Game tape date: 1986-11-18
The J! Archive is created by fans, for fans. Scraping, republication, monetization, and malicious use prohibited; this site may use cookies and collect identifying information. See terms. The Jeopardy! game show and all elements thereof, including but not limited to copyright and trademark thereto, are the property of Jeopardy Productions, Inc. and are protected under law. This website is not affiliated with, sponsored by, or operated by Jeopardy Productions, Inc. Join the discussion at JBoard.tv.